000 00568nam a2200205 a 4500
001 000018586
005 20200929165828.0
008 100116s1963 ag 000 p spa d
040 _aDO-SdBNP
_bspa
_cBNPHU
082 _aCh861.4
_bN454c, 1963
100 1 _aNeruda, Pablo,
_d1904-1973
_99164
245 1 0 _aCanto general /
_cPablo Neruda.
250 _a2a ed.
260 _aBuenos Aires, Argentina :
_bLosada,
_c1963.
300 _av. ;
_c18 cm.
650 4 _aPoesía chilena
_99166
650 4 _aLiteratura chilena
_ySIGLO XX
_914677
910 _aWM
049 _aBNGR
999 _c18106
_d18106